| 000 | 01473 a2200241 4500 | ||
|---|---|---|---|
| 001 | 47164 | ||
| 005 | 20260407155740.0 | ||
| 008 | 260407a1994 arg spa d | ||
| 003 | AR-UNSa-BCEJYS | ||
| 040 |
_aAR-UNSa-BCEJYS _bspa _cAR-UNSa-BCEJYS |
||
| 080 |
_a330 _xEconomía en general |
||
| 245 | 1 | 0 | _aUn viaje por la economía de nuestro tiempo |
| 020 | _a950-9122-33-5 | ||
| 264 | 1 |
_aBarcelona : _bEdiciones Ariel _c1994 |
|
| 300 |
_a222 p. _c23 cm. |
||
| 505 | _a1. La dinámica mayor - 2. La gran divisoria - 3. Las raíces del desorden - 4. Deuda, inflación y John Maynard Keynes - 5. La escena económica de entonces: una digresión - 6. Portentos - 7. La crisis económica - 8. La gran depresión - 9. La nueva política - 10. La revolución de John Maynard Keynes - 11. El mundo en general - 12. La Segunda Guerra - 13. Gran Bretaña y el otro lado - 14. La paz, I - 15. La paz, II - 16. Los años buenos - 17. Descolonización y desarrollo económico - 18. La iniciativa Kennedy - 19. La guerra contra la pobreza y la guerra - 20. Los años oscuros - 21. De la derrota a la victoria - 22. El logro de Reagan - 23. La gran implosión - 24. El milagro incierto - 25. El último capítulo - | ||
| 041 | _aspa | ||
| 942 | _cBK | ||
| 590 | _aniveau_biblio:m niveau_hierar:0 | ||
| 100 | 1 | _aGalbraith, John Kenneth | |
| 700 | 1 | _aTapias trujillo, Ramón | |
| 856 | 4 | 1 |
_uhttps://www.biblioeco.unsa.edu.ar/pmb/images/libros/L127412.jpg _yImagen de portada _qimage/jpeg |
| 999 |
_c4305 _d4305 |
||